000 00299nam a22001337a 4500
008 180919b xxu||||| |||| 00| 0 eng d
020 _a137233876
041 _aeng
080 _a573
100 _a11
101 _aBIO
245 _aProcesses of Organic Evolution
_cStebbins, G.L
942 _2udc
_cBK
999 _c48016
_d48016